000 00550 a2200217 4500
260 _aParis
630 _a62 - Economie domestique. Sciences ménagère
650 _a6 - SCIENCES APPLIQEES
260 _bEdition du ministère de la coopération
245 _aEnergies nouvelles et développement
300 _a63p
650 _aEnergie nouvelle : développement
260 _c1978
300 _b25 cm
100 _lFr.
440 _a"Technologies et développement"
037 _aS 0442
700 _aSema
999 _c44293
_d44293